00822nam a2200277 i 4500001000300000003000400003005001700007008003900024020001500063040000800078041000800086080001000094080001100104080000900115100003300124245007000157260004200227300004900269490002100318504002600339655001300365650002500378650002200403830002100425856009800446bgBPK20200508120137.0 s1995 pl f f |000 0 pol a8390116987 cBPK0 apol a659.1 a339.13 a(07)1 aKall, Jacekd(1962- )eAutor10aPromocja sprzedaży czyli Jak sprzedać więcej /cJacek Kall. aWarszawa :bBusiness Press,c[1995?]. a251 s. :bfot. kolor., rys., wykr. ;c20 cm.1 aBusinessman Book aBibliogr. s. 245-249. aPoradnik 4aTechniki sprzedaży 4aPromocja handlowa 0aBusinessman Book uhttp://koha.tu.koszalin.pl/cgi-bin/koha/opac-detail.pl?biblionumber=53175yKatalog online BPK